000
00306nam a2200121Ia 4500
008
220204s9999 xx 000 0 und d
082
_a
574.3
_b
MOO
100
_a
MOORE, Ruth
245
0
_a
Man in the environment.
260
_a
New York
_b
Alfred A Knopf
_c
1975
650
_a
Environmental impact
942
_c
BK
999
_c
28676
_d
28676